000 00298nam a22001337a 4500
008 180926b xxu||||| |||| 00| 0 eng d
020 _a9780761927518
041 _aeng
080 _a030
100 _a23
101 _aENC
245 _aEncyclopedia Of Homelessnes
_cLevinson,D
942 _2udc
_cBK
999 _c48465
_d48465